[Event "Davos Summer op"]
[Site "Davos"]
[Date "2020.07.09"]
[Round "1"]
[White "Cauderay, Philippe"]
[Black "Jaggy, Matteo"]
[Result "0-1"]
[WhiteElo "1453"]
[BlackElo "1899"]
[PlyCount "76"]
[EventDate "2020.07.09"]
[EventType "swiss"]
[EventRounds "5"]
[EventCountry "SUI"]
[SourceTitle "CBM 197 Extra"]
[Source "ChessBase"]
[SourceDate "2020.09.30"]
[SourceVersion "1"]
[SourceVersionDate "2020.09.30"]
[SourceQuality "1"]

1. e4 c5 2. Nc3 Nc6 3. g3 e5 4. d3 d6 5. Bg2 Be7 6. f4 Nf6 7. Nf3 Rb8 8. a4 a6 9. 0-0 0-0 10. fxe5 dxe5 11. b3 b5 12. axb5 axb5 13. Qe1 Be6 14. Qd1 b4 15. Ne2 Ne8 16. Bb2 f6 17. Kh1 Nd6 18. Nd2 Ra8 19. Bf3 Qb6 20. Nc4 Nxc4 21. dxc4 Rfd8 22. Rxa8 Rxa8 23. Qb1 Nd4 24. Kg2 Nxf3 25. Kxf3 f5 26. Bxe5 fxe4+ 27. Ke3 Rd8 28. Rd1 Rf8 29. Rf1 Bg5+ 30. Bf4 Bf6 31. Qc1 Bd4+ 32. Nxd4 cxd4+ 33. Kd2 Bg4 34. Ke1 e3 35. Qa1 Qf6 36. Qa5 d3 37. Qd5+ Kh8 38. Qxd3 Qa1+ 0-1